UM Logo

Work and motivation / (Record no. 6584)

MARC details
000 -LEADER
fixed length control field 00689nam a2200205 4500
008 - FIXED-LENGTH DATA ELEMENTS--GENERAL INFORMATION
fixed length control field 170420b xxu||||| |||| 00| 0 eng d
020 ## - INTERNATIONAL STANDARD BOOK NUMBER
International Standard Book Number 0-7879-0030-3
082 ## - DEWEY DECIMAL CLASSIFICATION NUMBER
Edition number 1995
Classification number DC 158.7
Item number V96
100 ## - MAIN ENTRY--PERSONAL NAME
9 (RLIN) 19932
Personal name Vroom, Victor Harold
Dates associated with a name 1932-
245 ## - TITLE STATEMENT
Title Work and motivation /
Statement of responsibility, etc. Victor H. Vroom.
250 ## - EDITION STATEMENT
Edition statement 1st ed.
260 ## - PUBLICATION, DISTRIBUTION, ETC. (IMPRINT)
Place of publication, distribution, etc. San Francisco :
Name of publisher, distributor, etc. Jossey-Bass Publishers,
Date of publication, distribution, etc. c1995.
300 ## - PHYSICAL DESCRIPTION
Extent xxix, 397 pages ;
Dimensions 23 cm.
440 ## - SERIES STATEMENT/ADDED ENTRY--TITLE
9 (RLIN) 19933
Title The Jossey-Bass management series
500 ## - GENERAL NOTE
General note Includes bibliographical references and index.
650 #0 - SUBJECT ADDED ENTRY--TOPICAL TERM
9 (RLIN) 19934
Topical term or geographic name as entry element Psychology, Industrial.
650 #0 - SUBJECT ADDED ENTRY--TOPICAL TERM
9 (RLIN) 19935
Topical term or geographic name as entry element Work -- Psychological aspects.
365 ## - TRADE PRICE
Price amount 1,275.00
Currency code Php
942 ## - ADDED ENTRY ELEMENTS (KOHA)
Source of classification or shelving scheme Dewey Decimal Classification
Koha item type Circulation
Holdings
Withdrawn status Lost status Source of classification or shelving scheme Damaged status Not for loan Collection code Home library Current library Date acquired Source of acquisition Cost, normal purchase price Total Checkouts Full call number Barcode Date last seen Copy number Price effective from Koha item type
    Dewey Decimal Classification     Circulation UM Digos College - LIC UM Digos College - LIC 10/30/1996 Purchased 1275.00   DC 158.7 V96 1995 12176 05/15/2025 1 04/20/2017 Circulation